000 00319 a2200157 4500
001 62400
020 _a8535219174
040 _cAnchieta - Pituba
100 _aWalton, Sam
240 1 0 _aSam Walton
_lpor
245 1 0 _aSam Walton
300 _a237
362 0 _a2006
650 4 _aPessoas em tecnologia
942 _cBK
999 _c62400
_d62400